000
00256nam a2200097Ia 4500
001
766523
005
20250826165342.0
008
250824s9999 xx 000 0 und d
245
0
_a
IŞIK AVCISI TEKİN YILDIZI
_c
ALİ SAÇIKARA
260
_b
ATLIKARINCA YAYINLARI
999
_c
766523
_d
766523